[Event "Montcalm IV 2003-04"]
[Site "Quebec CAN"]
[Date "2004.01.22"]
[Round "2"]
[White "Caron, Sebastien"]
[Black "Dion, Jean-Francois"]
[Result "0-1"]
[WhiteElo "1795"]
[BlackElo "1899"]
[PlyCount "76"]
[GameId "2160767911200654"]
[EventDate "2004.01.15"]
[EventType "tourn"]
[EventRounds "5"]
[EventCountry "CAN"]

1. e4 d6 2. d4 Nf6 3. Nc3 g6 4. h3 Bg7 5. f4 O-O 6. Nf3 Nc6 7. d5 Nb8 8. g4 c6 9. Be3 cxd5 10. exd5 Nbd7 11. Nd2 a6 12. Be2 b5 13. g5 Ne8 14. h4 Bb7 15. Bf3 Qc7 16. Nde4 Rc8 17. Rc1 e6 18. h5 b4 19. dxe6 fxe6 20. Na4 e5 21. hxg6 hxg6 22. Qd3 exf4 23. Bd4 Ne5 24. Bxe5 Bxe5 25. Rh6 Bg7 26. Rh4 Qe7 27. Kd2 d5 28. Nf6+ Nxf6 29. gxf6 Qe3+ 30. Qxe3 fxe3+ 31. Kxe3 Bxf6 32. Rg4 d4+ 33. Kd3 Bxf3 34. Rxg6+ Kf7 35. Rcg1 Bc6 36. Nb6 Bb5+ 37. Kd2 Rcd8 38. Rh6 Rg8 0-1

[Event "Montcalm IV 2003-04"]
[Site "Quebec CAN"]
[Date "2004.01.22"]
[Round "2"]
[White "Marquis, Paul"]
[Black "Audet-Bouchard, Nicolas"]
[Result "0-1"]
[WhiteElo "1991"]
[BlackElo "2121"]
[PlyCount "56"]
[GameId "2160767911200655"]
[EventDate "2004.01.15"]
[EventType "tourn"]
[EventRounds "5"]
[EventCountry "CAN"]

1. e4 c5 2. Nf3 Nc6 3. d4 cxd4 4. Nxd4 Nf6 5. Nc3 e5 6. Ndb5 d6 7. Nd5 Nxd5 8. exd5 Nb8 9. Qf3 Be7 10. Qa3 O-O 11. Bd2 Na6 12. b4 f5 13. Be2 f4 14. O-O Nc7 15. Nxc7 Qxc7 16. c4 e4 17. f3 e3 18. Bc3 Bf5 19. Qb2 Bh4 20. Rac1 Qf7 21. Be1 Qh5 22. Bxh4 Qxh4 23. Rfd1 Qf2+ 24. Kh1 Rf6 25. Qd4 Rg6 26. Bf1 Bh3 27. g4 fxg3 28. hxg3 Rxg3 0-1

[Event "Montcalm IV 2003-04"]
[Site "Quebec CAN"]
[Date "2004.01.22"]
[Round "2"]
[White "Sauve, Richard"]
[Black "Auger, Bertrand"]
[Result "1-0"]
[WhiteElo "1960"]
[BlackElo "2098"]
[PlyCount "59"]
[GameId "2160767911200656"]
[EventDate "2004.01.15"]
[EventType "tourn"]
[EventRounds "5"]
[EventCountry "CAN"]
[SourceTitle "EXT 2005"]
[Source "ChessBase"]
[SourceDate "2004.11.15"]
[SourceVersion "1"]
[SourceVersionDate "2004.11.15"]
[SourceQuality "1"]

1. d4 Nf6 2. c4 e6 3. Nc3 Bb4 4. Qc2 O-O 5. a3 Bxc3+ 6. Qxc3 b6 7. Bg5 Bb7 8. e3 d6 9. f3 Nbd7 10. Bd3 c5 11. Ne2 Rc8 12. Qd2 cxd4 13. exd4 Qe7 14. O-O Rfd8 15. Rac1 Nf8 16. b4 h6 17. Bh4 Rd7 18. Nc3 Ng6 19. Bf2 Nf8 20. Rfe1 Qd8 21. Qe2 Nh5 22. g3 Ba6 23. d5 Re7 24. Ne4 Nh7 25. c5 Bxd3 26. Qxd3 dxc5 27. d6 Rd7 28. bxc5 bxc5 29. Red1 Rc6 30. Rxc5 1-0

[Event "Montcalm IV 2003-04"]
[Site "Quebec CAN"]
[Date "2004.01.29"]
[Round "3"]
[White "Audet-Bouchard, Nicolas"]
[Black "Lessard, Claude"]
[Result "1-0"]
[WhiteElo "2121"]
[BlackElo "2003"]
[PlyCount "55"]
[GameId "2160767911200657"]
[EventDate "2004.01.15"]
[EventType "tourn"]
[EventRounds "5"]
[EventCountry "CAN"]

1. e4 c6 2. d4 d5 3. e5 Bf5 4. Nf3 e6 5. Be2 c5 6. O-O Nc6 7. Be3 cxd4 8. Nxd4 Nge7 9. Nc3 Nxd4 10. Qxd4 Nc6 11. Bb5 Be7 12. g4 Bxc2 13. Rac1 Bg6 14. f4 Qd7 15. f5 exf5 16. Qxd5 f4 17. Qxd7+ Kxd7 18. Rfd1+ Ke8 19. Nd5 fxe3 20. Nc7+ Kf8 21. Nxa8 Be4 22. Rd7 a6 23. Be2 g6 24. Nb6 Bh4 25. Rc4 Bf2+ 26. Kf1 f5 27. exf6 Bb1 28. Rxb7 1-0

[Event "Montcalm IV 2003-04"]
[Site "Quebec CAN"]
[Date "2004.01.29"]
[Round "3"]
[White "Auger, Bertrand"]
[Black "Marquis, Paul"]
[Result "1/2-1/2"]
[WhiteElo "2086"]
[BlackElo "1991"]
[PlyCount "79"]
[GameId "2160767911200658"]
[EventDate "2004.01.15"]
[EventType "tourn"]
[EventRounds "5"]
[EventCountry "CAN"]

1. Nf3 g6 2. d4 Bg7 3. g3 d6 4. Bg2 Bg4 5. O-O Qc8 6. Re1 h5 7. c4 Nc6 8. d5 Bxf3 9. Bxf3 Ne5 10. Bg2 h4 11. f4 hxg3 12. fxe5 Bxe5 13. e4 Rxh2 14. Qf3 Nf6 15. Nc3 Qg4 16. Qxg4 Nxg4 17. Ne2 Nf2 18. Bd2 O-O-O 19. Bc3 Nd3 20. Rf1 Nxb2 21. Bxe5 dxe5 22. Rf3 Rdh8 23. Nxg3 f6 24. Rc1 Na4 25. c5 b5 26. cxb6 axb6 27. Rc4 Nc5 28. a4 R2h4 29. a5 Kb7 30. Ra3 Ra8 31. Bf1 Nd7 32. a6+ Kb8 33. Rc2 Nc5 34. Rh2 Rxh2 35. Kxh2 Ka7 36. Kg2 Rh8 37. Re3 Rg8 38. Rc3 Rh8 39. Be2 Rh4 40. Rc4 1/2-1/2

[Event "Montcalm IV 2003-04"]
[Site "Quebec CAN"]
[Date "2004.01.29"]
[Round "3"]
[White "Bourassa, Andre"]
[Black "Moisan, Francois"]
[Result "1/2-1/2"]
[WhiteElo "1698"]
[BlackElo "1720"]
[PlyCount "66"]
[GameId "2160767911200659"]
[EventDate "2004.01.15"]
[EventType "tourn"]
[EventRounds "5"]
[EventCountry "CAN"]

1. d4 f5 2. c4 Nf6 3. Nc3 g6 4. Bf4 Bg7 5. h3 O-O 6. e3 d6 7. Bd3 Nbd7 8. Nf3 c6 9. Qb3 Qe8 10. Bh2 h6 11. c5+ d5 12. O-O Kh7 13. Qc2 Ne4 14. b4 a5 15. b5 Ndxc5 16. bxc6 Nxd3 17. Qxd3 bxc6 18. Rfc1 Ba6 19. Qc2 Bc4 20. Be5 Qf7 21. Bxg7 Qxg7 22. Ne5 Nxc3 23. Qxc3 f4 24. Nxc4 dxc4 25. e4 Rad8 26. Rd1 c5 27. Qxc4 cxd4 28. Qc5 e5 29. Qxa5 Ra8 30. Qd2 Qb7 31. f3 Rfc8 32. Rdc1 Rxc1+ 33. Rxc1 Rc8 1/2-1/2

[Event "Montcalm IV 2003-04"]
[Site "Quebec CAN"]
[Date "2004.01.29"]
[Round "3"]
[White "Laflamme, Simon"]
[Black "Sauve, Richard"]
[Result "1-0"]
[WhiteElo "1942"]
[BlackElo "1960"]
[PlyCount "69"]
[GameId "2160767911200660"]
[EventDate "2004.01.15"]
[EventType "tourn"]
[EventRounds "5"]
[EventCountry "CAN"]
[SourceTitle "EXT 2005"]
[Source "ChessBase"]
[SourceDate "2004.11.15"]
[SourceVersion "1"]
[SourceVersionDate "2004.11.15"]
[SourceQuality "1"]

1. e4 e6 2. d4 d5 3. Nc3 Nf6 4. Bg5 Bb4 5. e5 h6 6. Bd2 Bxc3 7. bxc3 Ne4 8. Qg4 g6 9. Qf4 c5 10. Bd3 Nxd2 11. Qxd2 b6 12. Nf3 Ba6 13. Bxa6 Nxa6 14. O-O c4 15. Rfb1 Nc7 16. a4 Kf8 17. Qc1 Kg7 18. Rb2 Qd7 19. Qf4 Rhb8 20. Qf6+ Kh7 21. Re1 Ne8 22. Qf4 Ng7 23. Re3 Nh5 24. Qh4 Qxa4 25. Rb1 Qxc2 26. Rbe1 a5 27. g4 Nf4 28. Qf6 Nh3+ 29. Kg2 Kg8 30. Kxh3 a4 31. Kg2 g5 32. Nxg5 Qg6 33. Qxg6+ fxg6 34. Nxe6 b5 35. Nc7 1-0

[Event "Montcalm IV 2003-04"]
[Site "Quebec CAN"]
[Date "2004.02.05"]
[Round "4"]
[White "Audet-Bouchard, Nicolas"]
[Black "Auger, Bertrand"]
[Result "1-0"]
[WhiteElo "2185"]
[BlackElo "2098"]
[PlyCount "79"]
[GameId "2160767911200661"]
[EventDate "2004.01.15"]
[EventType "tourn"]
[EventRounds "5"]
[EventCountry "CAN"]
[SourceTitle "EXT 2005"]
[Source "ChessBase"]
[SourceDate "2004.11.15"]
[SourceVersion "1"]
[SourceVersionDate "2004.11.15"]
[SourceQuality "1"]

1. e4 e6 2. d4 d5 3. Nc3 dxe4 4. Nxe4 Bd7 5. Nf3 Bc6 6. Bd3 Nd7 7. Qe2 Ngf6 8. Neg5 h6 9. Nxe6 fxe6 10. Bg6+ Ke7 11. Nh4 Nb6 12. c4 Kd7 13. O-O Kc8 14. Qxe6+ Bd7 15. Qe2 Kb8 16. a4 a5 17. c5 Nbd5 18. Bd2 Ne7 19. b4 Be8 20. Bxe8 Qxe8 21. bxa5 g5 22. Nf3 Nc6 23. Qb5 Nd8 24. Qb2 Rh7 25. Ne5 Re7 26. Rab1 c6 27. h4 Ne4 28. Rfe1 Nxd2 29. Qxd2 Ne6 30. Rb6 Kc8 31. a6 Rxa6 32. Nxc6 Qxc6 33. Rxc6+ bxc6 34. hxg5 hxg5 35. Qd3 Rxa4 36. Qf5 Kd7 37. d5 cxd5 38. Qxd5+ Kc7 39. Qd6+ Kc8 40. Qc6+ 1-0

[Event "Montcalm IV 2003-04"]
[Site "Quebec CAN"]
[Date "2004.02.05"]
[Round "4"]
[White "Caron, Sebastien"]
[Black "Bourassa, Andre"]
[Result "0-1"]
[WhiteElo "1795"]
[BlackElo "1698"]
[PlyCount "128"]
[GameId "2160767911200662"]
[EventDate "2004.01.15"]
[EventType "tourn"]
[EventRounds "5"]
[EventCountry "CAN"]

1. e4 c5 2. Nf3 d6 3. d4 cxd4 4. Nxd4 Nf6 5. Nc3 a6 6. Bg5 e6 7. f4 Be7 8. Nf3 Nc6 9. Qd2 b5 10. a3 O-O 11. Bd3 b4 12. Na4 bxa3 13. bxa3 d5 14. e5 Nd7 15. O-O f6 16. exf6 Bxf6 17. Qf2 Qa5 18. Bxf6 Rxf6 19. Nb2 Qc5 20. Ng5 g6 21. Kh1 Qxf2 22. Rxf2 e5 23. Raf1 h6 24. Nh3 e4 25. Be2 Nd4 26. Bd1 e3 27. c3 exf2 28. cxd4 Nb6 29. Bb3 Bxh3 30. gxh3 Rxf4 31. Kg2 Raf8 32. Nd3 Rf3 33. Bc2 Nc4 34. Ne5 Ne3+ 35. Kh1 Rxh3 36. Bd3 Nxf1 37. Bxf1 Rxa3 38. Nxg6 Rf7 39. Nh4 Rg7 40. h3 Rxh3+ 41. Bxh3 Rg1+ 42. Kh2 f1=Q 43. Bxf1 Rxf1 44. Ng6 Kf7 45. Ne5+ Ke6 46. Nd3 a5 47. Nc5+ Kf5 48. Na4 Rf4 49. Nb2 Rxd4 50. Kg3 a4 51. Kf3 a3 52. Ke3 Ke5 53. Nd3+ Rxd3+ 54. Kxd3 a2 55. Kc2 a1=Q 56. Kb3 Qd4 57. Kc2 Qe3 58. Kb2 d4 59. Kc2 Qc3+ 60. Kd1 Qb2 61. Ke1 d3 62. Kf1 Qe2+ 63. Kg1 d2 64. Kh1 d1=R# 0-1

[Event "Montcalm IV 2003-04"]
[Site "Quebec CAN"]
[Date "2004.02.05"]
[Round "4"]
[White "Dion, Jean-Francois"]
[Black "Poliquin, Yvon"]
[Result "1-0"]
[WhiteElo "1899"]
[BlackElo "1810"]
[PlyCount "87"]
[GameId "2160767911200663"]
[EventDate "2004.01.15"]
[EventType "tourn"]
[EventRounds "5"]
[EventCountry "CAN"]

1. d4 Nf6 2. Nf3 g6 3. Bf4 Bg7 4. h3 O-O 5. e3 d6 6. Nbd2 c5 7. c3 cxd4 8. exd4 Nc6 9. Be2 Nd5 10. Bg3 e5 11. dxe5 dxe5 12. O-O Re8 13. Ne4 h6 14. Bc4 Nb6 15. Bb3 Be6 16. Bxe6 Rxe6 17. Qc2 Qc7 18. Rac1 Rd8 19. Rfd1 Rxd1+ 20. Qxd1 Qe7 21. Qb3 Qc7 22. Rd1 Re8 23. Rd6 Na5 24. Qb5 Nc6 25. Qb3 Na5 26. Qb5 Nc6 27. Qc5 Nd7 28. Qd5 Nb6 29. Qd1 Re7 30. Nc5 Nd4 31. Rxd4 Qxc5 32. Rd8+ Kh7 33. Bh4 Rc7 34. Nd2 Rd7 35. Rxd7 Nxd7 36. Ne4 Qc4 37. f3 Qc7 38. Qd6 Qc8 39. Qe7 g5 40. Bg3 Qc6 41. Nd6 b5 42. Nxf7 Bf8 43. Nxg5+ Kg6 44. Qf7+ 1-0

[Event "Montcalm IV 2003-04"]
[Site "Quebec CAN"]
[Date "2004.02.05"]
[Round "4"]
[White "Foucreault, Laurent"]
[Black "Younsi, Malik"]
[Result "0-1"]
[WhiteElo "1437"]
[BlackElo "1460"]
[PlyCount "78"]
[GameId "2160767911200664"]
[EventDate "2004.01.15"]
[EventType "tourn"]
[EventRounds "5"]
[EventCountry "CAN"]
[SourceTitle "EXT 2005"]
[Source "ChessBase"]
[SourceDate "2004.11.15"]
[SourceVersion "1"]
[SourceVersionDate "2004.11.15"]
[SourceQuality "1"]

1. d4 d5 2. c4 c6 3. Nf3 e6 4. e3 Nf6 5. Nc3 Nbd7 6. Qc2 Be7 7. b3 O-O 8. Bd3 b6 9. O-O Bb7 10. Bb2 c5 11. cxd5 cxd4 12. exd4 exd5 13. Rae1 h6 14. Re2 Rc8 15. Qd1 Bb4 16. Nb1 Ne4 17. Rc2 f5 18. a3 Bd6 19. Rxc8 Qxc8 20. b4 Qe8 21. Nfd2 Qb8 22. g3 f4 23. Nxe4 dxe4 24. Bc4+ Kh8 25. Qg4 Nf6 26. Qd1 fxg3 27. fxg3 Bxg3 28. Qe2 Bd6 29. Nd2 Rc8 30. d5 Be5 31. Bxe5 Qxe5 32. Re1 Qd4+ 33. Qe3 Rxc4 34. Nxc4 Qxc4 35. d6 Qd5 36. Qg3 Qd4+ 37. Re3 Bc8 38. Qf4 Ng4 39. Qxe4 Qxe3+ 0-1

[Event "Montcalm IV 2003-04"]
[Site "Quebec CAN"]
[Date "2004.02.05"]
[Round "4"]
[White "Lessard, Claude"]
[Black "Sauve, Richard"]
[Result "1-0"]
[WhiteElo "1980"]
[BlackElo "1960"]
[PlyCount "35"]
[GameId "2160767911200665"]
[EventDate "2004.01.15"]
[EventType "tourn"]
[EventRounds "5"]
[EventCountry "CAN"]
[SourceTitle "EXT 2005"]
[Source "ChessBase"]
[SourceDate "2004.11.15"]
[SourceVersion "1"]
[SourceVersionDate "2004.11.15"]
[SourceQuality "1"]

1. d4 e6 2. Nf3 d5 3. g3 Nf6 4. Bg2 Nbd7 5. O-O Bd6 6. Nbd2 O-O 7. c4 c6 8. Qc2 b6 9. e4 dxe4 10. Nxe4 Nxe4 11. Qxe4 Bb7 12. Bg5 Qc7 13. Rad1 Rfe8 14. Rfe1 e5 15. Qg4 Bb4 16. dxe5 Nxe5 17. Rxe5 Rxe5 18. Bf6 1-0

[Event "Montcalm IV 2003-04"]
[Site "Quebec CAN"]
[Date "2004.02.12"]
[Round "5"]
[White "Bourassa, Andre"]
[Black "Dion, Jean-Francois"]
[Result "0-1"]
[WhiteElo "1698"]
[BlackElo "1899"]
[PlyCount "56"]
[GameId "2160767911200666"]
[EventDate "2004.01.15"]
[EventType "tourn"]
[EventRounds "5"]
[EventCountry "CAN"]

1. d4 Nf6 2. c4 g6 3. Nc3 Bg7 4. e4 d6 5. f3 O-O 6. Be3 e5 7. dxe5 dxe5 8. Qxd8 Rxd8 9. Nd5 Nxd5 10. cxd5 c6 11. Bc4 b5 12. Bb3 Bb7 13. dxc6 Nxc6 14. Ne2 Na5 15. Bd1 Nc4 16. Bc1 Bf8 17. O-O Bc5+ 18. Kh1 Ne3 19. Bxe3 Bxe3 20. Nc3 b4 21. Na4 Ba6 22. Re1 Bf2 23. Bb3 Bxe1 24. Rxe1 Rac8 25. Bd5 Bb5 26. b3 Rc2 27. h3 Rdc8 28. Kh2 Rxa2 0-1

[Event "Montcalm IV 2003-04"]
[Site "Quebec CAN"]
[Date "2004.02.12"]
[Round "5"]
[White "Sauve, Richard"]
[Black "Marquis, Paul"]
[Result "1/2-1/2"]
[WhiteElo "1960"]
[BlackElo "1968"]
[PlyCount "46"]
[GameId "2160767911200667"]
[EventDate "2004.01.15"]
[EventType "tourn"]
[EventRounds "5"]
[EventCountry "CAN"]
[SourceTitle "EXT 2005"]
[Source "ChessBase"]
[SourceDate "2004.11.15"]
[SourceVersion "1"]
[SourceVersionDate "2004.11.15"]
[SourceQuality "1"]

1. d4 Nf6 2. c4 e6 3. Nc3 Bb4 4. Qc2 O-O 5. Bg5 b6 6. a3 Bxc3+ 7. Qxc3 Bb7 8. e3 h6 9. Bh4 d6 10. f3 Nbd7 11. Bd3 c5 12. Ne2 Rc8 13. Qd2 Ba6 14. Rc1 Qe8 15. O-O cxd4 16. exd4 d5 17. cxd5 Bxd3 18. dxe6 Bxe2 19. exd7 Qxd7 20. Qxe2 Qxd4+ 21. Bf2 Qf4 22. Rxc8 Rxc8 23. Qe7 Qc7 1/2-1/2

[Event "Montcalm V 2003-04"]
[Site "Quebec CAN"]
[Date "2004.02.19"]
[Round "1"]
[White "Caire, Francois"]
[Black "Oliver, Vance"]
[Result "1-0"]
[WhiteElo "2045"]
[BlackElo "1398"]
[PlyCount "61"]
[GameId "2160767911183773"]
[EventDate "2004.02.19"]
[EventType "swiss"]
[EventRounds "5"]
[EventCountry "CAN"]

1. Nf3 Nf6 2. d3 g6 3. e4 d6 4. c3 Bg7 5. Be2 Nc6 6. O-O O-O 7. Re1 e5 8. b4 b6 9. Nbd2 Bb7 10. Bf1 Nh5 11. Bb2 Qd7 12. a3 Nf4 13. d4 Rae8 14. d5 Ne7 15. c4 Ba6 16. a4 Kh8 17. a5 Bc8 18. axb6 cxb6 19. c5 Qb7 20. Nc4 bxc5 21. Nxd6 Qxb4 22. Nxe8 Rxe8 23. Bxe5 Bxe5 24. Nxe5 Kg7 25. d6 Rd8 26. dxe7 Rxd1 27. Rexd1 Qxe4 28. e8=Q Bb7 29. Qxf7+ Kh6 30. Ng4+ Kg5 31. f3 1-0

[Event "Montcalm V 2003-04"]
[Site "Quebec CAN"]
[Date "2004.02.19"]
[Round "1"]
[White "Grant, James"]
[Black "Crepault, Francois"]
[Result "0-1"]
[WhiteElo "1570"]
[BlackElo "1305"]
[PlyCount "64"]
[GameId "2160767911183774"]
[EventDate "2004.02.19"]
[EventType "swiss"]
[EventRounds "5"]
[EventCountry "CAN"]
[SourceTitle "EXT 2005"]
[Source "ChessBase"]
[SourceDate "2004.11.15"]
[SourceVersion "1"]
[SourceVersionDate "2004.11.15"]
[SourceQuality "1"]

1. d4 Nf6 2. c4 b6 3. Nc3 Bb7 4. Qc2 g6 5. e4 d6 6. Bd3 Bg7 7. Nge2 O-O 8. Bd2 Nbd7 9. f4 e5 10. O-O-O exd4 11. Nxd4 Ng4 12. Nf3 Nf2 13. Rhf1 Nxd1 14. Nxd1 Nc5 15. Nf2 Re8 16. b4 Nxd3+ 17. Qxd3 Qd7 18. Qc2 c5 19. Rd1 Qc7 20. b5 a6 21. a4 axb5 22. cxb5 Ra7 23. Be3 Rea8 24. e5 d5 25. Nd3 Rxa4 26. Nd2 d4 27. Bf2 Qd7 28. Nc4 Be4 29. Qb3 Bxg2 30. Nxb6 Ra1+ 31. Kd2 R8a2+ 32. Ke1 Qg4 0-1

[Event "Montcalm V 2003-04"]
[Site "Quebec CAN"]
[Date "2004.02.19"]
[Round "1"]
[White "Leveille, Philippe"]
[Black "Audet-Bouchard, Nicolas"]
[Result "0-1"]
[WhiteElo "1671"]
[BlackElo "2129"]
[PlyCount "50"]
[GameId "2160767911183775"]
[EventDate "2004.02.19"]
[EventType "swiss"]
[EventRounds "5"]
[EventCountry "CAN"]

1. e4 c5 2. Nc3 Nc6 3. f4 g6 4. Nf3 Bg7 5. Bc4 d6 6. d3 e6 7. Be3 Nge7 8. d4 d5 9. exd5 exd5 10. Bb5 O-O 11. O-O Nf5 12. Bf2 Ncxd4 13. g4 Nxf3+ 14. Qxf3 Nd4 15. Bxd4 Bxd4+ 16. Kh1 Bxc3 17. Qxc3 c4 18. Rad1 Bxg4 19. Rd2 Qe7 20. Qd4 Bf5 21. Ba4 Qb4 22. Bb3 Qb6 23. Ba4 Qa5 24. b3 b5 25. Qxd5 Rad8 0-1

[Event "Montcalm V 2003-04"]
[Site "Quebec CAN"]
[Date "2004.02.19"]
[Round "1"]
[White "Michaud, Jacques"]
[Black "Sauve, Richard"]
[Result "0-1"]
[WhiteElo "1497"]
[BlackElo "2048"]
[PlyCount "128"]
[GameId "2160767911183776"]
[EventDate "2004.02.19"]
[EventType "swiss"]
[EventRounds "5"]
[EventCountry "CAN"]
[SourceTitle "EXT 2005"]
[Source "ChessBase"]
[SourceDate "2004.11.15"]
[SourceVersion "1"]
[SourceVersionDate "2004.11.15"]
[SourceQuality "1"]

1. c4 e6 2. Nf3 d5 3. d4 c6 4. e3 Nf6 5. Bd3 Nbd7 6. O-O dxc4 7. Bxc4 b5 8. Bd3 a6 9. Nc3 c5 10. Re1 Bb7 11. Bd2 Be7 12. Rc1 O-O 13. dxc5 Nxc5 14. Bc2 Nd3 15. Bxd3 Qxd3 16. Qe2 Rfd8 17. Qxd3 Rxd3 18. Nb1 Rad8 19. Ne5 R3d5 20. Rc7 Bd6 21. Rxb7 Bxe5 22. Bc3 R8d7 23. Rxd7 Nxd7 24. Bxe5 Nxe5 25. Rc1 Kf8 26. Kf1 Nd3 27. Rd1 Nxb2 28. Rxd5 exd5 29. Nc3 d4 30. exd4 Ke7 31. Ke2 Ke6 32. Kd2 b4 33. Ne2 Kd5 34. Kc2 Nc4 35. Kd3 g5 36. h4 h6 37. hxg5 hxg5 38. f4 f6 39. fxg5 fxg5 40. g3 a5 41. Kc2 Ke4 42. Kb3 Nb6 43. a3 bxa3 44. Kxa3 Kf3 45. Nc3 Kxg3 46. d5 Kf4 47. Ne2+ Ke5 48. d6 Kxd6 49. Nd4 g4 50. Nf5+ Ke5 51. Ng3 Kf4 52. Nh5+ Kf3 53. Kb3 g3 54. Nxg3 Kxg3 55. Kc3 Kf4 56. Kd4 a4 57. Kc3 Ke4 58. Kb4 Kd4 59. Ka3 Kc3 60. Ka2 Nc4 61. Kb1 Kb3 62. Ka1 Ne3 63. Kb1 a3 64. Ka1 Nc2+ 0-1

[Event "Montcalm V 2003-04"]
[Site "Quebec CAN"]
[Date "2004.02.26"]
[Round "2"]
[White "Bisson, Real"]
[Black "Caire, Francois"]
[Result "0-1"]
[WhiteElo "1630"]
[BlackElo "2045"]
[PlyCount "54"]
[GameId "2160767911183777"]
[EventDate "2004.02.19"]
[EventType "swiss"]
[EventRounds "5"]
[EventCountry "CAN"]

1. e4 c5 2. Nf3 Nc6 3. d4 cxd4 4. Nxd4 Nf6 5. Nc3 e5 6. Ndb5 d6 7. Bg5 a6 8. Na3 b5 9. Nd5 Be7 10. Nxe7 Nxe7 11. f3 Bb7 12. c4 b4 13. Nc2 a5 14. Be2 Qb6 15. Be3 Qc7 16. O-O Nd7 17. Qd2 Nc5 18. b3 O-O 19. Rfd1 Rfd8 20. Qe1 f5 21. exf5 Nxf5 22. Bg5 Rd7 23. g4 Ne7 24. Ne3 Ng6 25. Nd5 Bxd5 26. cxd5 Nf4 27. Bc4 Nh3+ 0-1

[Event "Montcalm V 2003-04"]
[Site "Quebec CAN"]
[Date "2004.02.26"]
[Round "2"]
[White "Bourassa, Andre"]
[Black "Younsi, Malik"]
[Result "1-0"]
[WhiteElo "1692"]
[BlackElo "1492"]
[PlyCount "165"]
[GameId "2160767911183778"]
[EventDate "2004.02.19"]
[EventType "swiss"]
[EventRounds "5"]
[EventCountry "CAN"]

1. d4 d5 2. c4 c6 3. Nc3 e6 4. Nf3 Nf6 5. Bg5 Be7 6. e3 O-O 7. Rc1 Nbd7 8. Qc2 b6 9. a3 c5 10. Bd3 h6 11. Bh4 Bb7 12. cxd5 Nxd5 13. Bxe7 Nxe7 14. Be4 Bxe4 15. Nxe4 cxd4 16. Nxd4 Rc8 17. Qd2 Nc5 18. Nxc5 bxc5 19. Nf3 Qxd2+ 20. Nxd2 Rc7 21. Rc2 Rb8 22. b4 Rbc8 23. b5 c4 24. Ke2 Rc5 25. a4 Nf5 26. Rhc1 Nd6 27. Rc3 e5 28. f3 f5 29. g3 Kf7 30. Kd1 Ke6 31. Kc2 e4 32. f4 g5 33. Kb2 Kd5 34. Ka3 Nb7 35. Rd1 Ke6 36. Nb1 Rd5 37. Rxd5 Kxd5 38. Kb4 gxf4 39. gxf4 Nd6 40. Rc2 Rg8 41. Rd2+ Ke6 42. Na3 Rc8 43. Kc3 Rg8 44. Nxc4 Nxc4 45. Kxc4 Rg1 46. Rc2 Re1 47. Rc3 Re2 48. h4 Rh2 49. Kb4 Kd7 50. Rc5 Re2 51. Rxf5 Rxe3 52. Re5 Re1 53. Kc3 e3 54. Kd3 Rh1 55. h5 Ra1 56. Re4 Ra3+ 57. Ke2 Kd6 58. f5 Kd5 59. Rxe3 Rxa4 60. Kf3 Ra1 61. Kf4 Ra4+ 62. Kg3 Ra1 63. f6 Rf1 64. Ra3 Rxf6 65. Rxa7 Rb6 66. Ra5 Ke5 67. Kg4 Ke4 68. Ra4+ Ke5 69. Rf4 Ke6 70. Rf5 Ke7 71. Rc5 Kf7 72. Kf5 Rf6+ 73. Ke5 Rf1 74. Kd6 Rd1+ 75. Kc7 Ke7 76. Kb8 Kd6 77. Rc6+ Kd7 78. Rxh6 Rb1 79. b6 Kd8 80. b7 Rb2 81. Rh8+ Kd7 82. h6 Kc6 83. Rc8+ 1-0

[Event "Montcalm V 2003-04"]
[Site "Quebec CAN"]
[Date "2004.02.26"]
[Round "2"]
[White "Perreault, Jacquelin"]
[Black "Auger, Bertrand"]
[Result "1/2-1/2"]
[WhiteElo "1740"]
[BlackElo "2010"]
[PlyCount "79"]
[GameId "2160767911183779"]
[EventDate "2004.02.19"]
[EventType "swiss"]
[EventRounds "5"]
[EventCountry "CAN"]

1. e4 e6 2. d4 d5 3. Nd2 Nf6 4. e5 Nfd7 5. Bd3 c5 6. c3 Nc6 7. Ne2 cxd4 8. cxd4 f6 9. Nf4 Qe7 10. Nf3 fxe5 11. dxe5 Ndxe5 12. Nxe5 Nxe5 13. Qh5+ Nf7 14. O-O g6 15. Qd1 Bg7 16. Re1 Qd6 17. Bb5+ Kd8 18. Qa4 Be5 19. Bd2 Bxf4 20. Bxf4 e5 21. Bd2 Bd7 22. Ba5+ b6 23. Bb4 Bxb5 24. Qxb5 Qd7 25. Qa6 Rc8 26. Rac1 Rc7 27. a4 Re8 28. a5 Qc8 29. Qf1 Re6 30. Rxc7 Qxc7 31. Qd3 Qc4 32. Qa3 Qc8 33. axb6 axb6 34. Qa7 Ke8 35. Ra1 h5 36. h4 d4 37. Qa4+ Qc6 38. Qa7 Qc8 39. Qa4+ Qc6 40. Qa7 1/2-1/2

[Event "Montcalm V 2003-04"]
[Site "Quebec CAN"]
[Date "2004.02.26"]
[Round "2"]
[White "Sauve, Richard"]
[Black "Theriault, Francis"]
[Result "1-0"]
[WhiteElo "2048"]
[BlackElo "1649"]
[PlyCount "62"]
[GameId "2160767911183780"]
[EventDate "2004.02.19"]
[EventType "swiss"]
[EventRounds "5"]
[EventCountry "CAN"]
[SourceTitle "EXT 2005"]
[Source "ChessBase"]
[SourceDate "2004.11.15"]
[SourceVersion "1"]
[SourceVersionDate "2004.11.15"]
[SourceQuality "1"]

1. d4 d5 2. c4 e6 3. Nc3 Nf6 4. Bg5 Be7 5. e3 c6 6. Nf3 Nbd7 7. Bd3 a6 8. c5 O-O 9. O-O Re8 10. Qc2 g6 11. b4 Nh5 12. Bxe7 Qxe7 13. e4 Nf4 14. e5 b6 15. Rfe1 Nxd3 16. Qxd3 bxc5 17. bxc5 a5 18. Qc2 f6 19. exf6 Qxf6 20. Ne5 Nxe5 21. Rxe5 Qf4 22. Ne2 Qh4 23. Qd2 Ba6 24. g3 Qf6 25. Nf4 a4 26. Rae1 Bc8 27. Rb1 Ba6 28. Qe3 Ra7 29. Rxe6 Rxe6 30. Qxe6+ Qxe6 31. Nxe6 Bb5 1-0

[Event "Montcalm V 2003-04"]
[Site "Quebec CAN"]
[Date "2004.03.04"]
[Round "3"]
[White "Auger, Bertrand"]
[Black "Bourassa, Andre"]
[Result "1-0"]
[WhiteElo "2099"]
[BlackElo "1692"]
[PlyCount "157"]
[GameId "2160767911183781"]
[EventDate "2004.02.19"]
[EventType "swiss"]
[EventRounds "5"]
[EventCountry "CAN"]
[SourceTitle "EXT 2005"]
[Source "ChessBase"]
[SourceDate "2004.11.15"]
[SourceVersion "1"]
[SourceVersionDate "2004.11.15"]
[SourceQuality "1"]

1. c4 Nf6 2. g3 e6 3. Bg2 d5 4. Nf3 c6 5. O-O Bd6 6. d4 dxc4 7. a4 a5 8. Na3 Na6 9. Nxc4 Be7 10. Qb3 Nb4 11. Rd1 O-O 12. Bd2 b5 13. axb5 cxb5 14. Nxa5 Rxa5 15. Bxb4 Rxa1 16. Rxa1 Bxb4 17. Qxb4 Bb7 18. Ra7 Qb6 19. Qc5 Qc6 20. Qxc6 Bxc6 21. Ne5 Bd5 22. Bxd5 Nxd5 23. Rb7 f6 24. Nd3 Rc8 25. e4 Nc7 26. Nc5 h6 27. h4 h5 28. Kf1 Kh7 29. Nd7 Ne8 30. Rxb5 Nd6 31. Rxh5+ Kg6 32. Rc5 Rd8 33. e5 Rxd7 34. exd6 Rxd6 35. Rc4 Rb6 36. b4 Kh5 37. f3 f5 38. f4 Kg4 39. Kf2 g6 40. Kg2 Rb5 41. h5 gxh5 42. Rc8 h4 43. Rg8+ Kh5 44. g4+ Kh6 45. g5+ Kh7 46. Re8 Rxb4 47. Rxe6 Rxd4 48. Rh6+ Kg7 49. Rxh4 Ra4 50. Kf3 Ra3+ 51. Ke2 Ra4 52. Ke3 Re4+ 53. Kf3 Ra4 54. Rh6 Ra3+ 55. Kg2 Ra4 56. Kg3 Ra3+ 57. Kh4 Rf3 58. Ra6 Rxf4+ 59. Kh5 Rd4 60. Rg6+ Kh7 61. Rf6 Rd5 62. g6+ Kg7 63. Rf7+ Kg8 64. Kh6 Re5 65. Rg7+ Kf8 66. Kh7 Re2 67. Rf7+ Ke8 68. Rxf5 Rh2+ 69. Kg7 Re2 70. Kg8 Re6 71. g7 Re1 72. Kh7 Rh1+ 73. Kg6 Rg1+ 74. Kf6 Rg2 75. Re5+ Kd7 76. Re4 Rf2+ 77. Kg5 Kd6 78. g8=Q Rg2+ 79. Rg4 1-0